Southville International School and Colleges
Your cart is empty.
  • Cart
  • Lists
    Public lists Eva Luna New books Lux_list list_1
    Your lists Log in to create your own lists
  • Log in to your account
  • Your cookies
  • Search history
Southville International School and Colleges
  • Advanced search
  • Recent comments
  • Most popular
  • Libraries

Log in to your account

Log in with GOOGLE


If you do not have an external account, but do have a local account, you can still log in:

  1. Home
  2. MARC view: Four mice deep in the jungle.
Normal view MARC view ISBD view

Four mice deep in the jungle. (Record no. 115437)

[ view plain ]
MARC details
000 -LEADER
fixed length control field 00467nam a2200181 a 4500
001 - CONTROL NUMBER
control field 3035
005 - DATE AND TIME OF LATEST TRANSACTION
control field 20140414132146.0
008 - FIXED-LENGTH DATA ELEMENTS--GENERAL INFORMATION
fixed length control field 060131s19uu xx 00 eng d
020 ## - INTERNATIONAL STANDARD BOOK NUMBER
International Standard Book Number 9780439559676
050 ## - LIBRARY OF CONGRESS CALL NUMBER
Classification number FIC
Item number St5 2000
100 ## - MAIN ENTRY--PERSONAL NAME
Personal name Stilton, Geronimo
245 ## - TITLE STATEMENT
Title Four mice deep in the jungle.
260 ## - PUBLICATION, DISTRIBUTION, ETC. (IMPRINT)
Place of publication, distribution, etc New York :
Name of publisher, distributor, etc Scholastic,
Date of publication, distribution, etc 2000.
300 ## - PHYSICAL DESCRIPTION
Extent 108 p. : ill. ; cm.
440 ## - SERIES STATEMENT/ADDED ENTRY--TITLE
Title Geronimo Stilton
650 ## - SUBJECT ADDED ENTRY--TOPICAL TERM
Topical term or geographic name as entry element Mouse-
General subdivision fiction
Holdings
Withdrawn status Lost status Damaged status Home library Current library Shelving location Date acquired Source of acquisition Total Checkouts Full call number Barcode Date last seen Price effective from Koha item type
      Munich Library Munich Library Fiction Section 02/03/2014     FIC St5 2000 MU0743 04/14/2014 04/14/2014 Books

Four mice deep in the jungle.

APA

Stilton G., . (2000). Four mice deep in the jungle. New York: Scholastic.

Chicago

Stilton Geronimo, . 2000. Four mice deep in the jungle. New York: Scholastic.

Harvard

Stilton G., . (2000). Four mice deep in the jungle. New York: Scholastic.

MLA

Stilton Geronimo, . Four mice deep in the jungle. New York: Scholastic. 2000.

  • Place hold
  • Print
  • Cite
  • Add to your cart (remove)
  • Save record
    BIBTEX Dublin Core MARCXML MARC (non-Unicode/MARC-8) MARC (Unicode/UTF-8) MARC (Unicode/UTF-8, Standard) MODS (XML) RIS
  • More searches
    Search for this title in:
    Other Libraries (WorldCat) Other Databases (Google Scholar) Online Stores (Bookfinder.com) Open Library (openlibrary.org)

Exporting to Dublin Core...

SOUTHVILLE LIBRARY

Southville International School and Colleges Library

1281 Tropical Ave. Cor. Luxembourg St., BF Homes International, Las Pinas City

Tel. No. 8256374 / 252358 Loc. 117/146

Powered by Koha